Serbia-Country quiz - Statistics

General Stats
  • This quiz has been taken 726 times
    719 since last reset
  • The average score is 15 of 20
Answer Stats
Hint Answer % Correct
Capital Belgrade
99%
Language Serbian
96%
Worlds best tennis player Novak Djoković
93%
Longest Border Romania(476km)
91%
Shortest border Albania(115km)
90%
Prime Minister Aleksandar Vučič
90%
Country broken up 1991 Socialist Federal Republic of Yugoslavia
88%
Religion Eastern Orthodox
87%
Electrical engineer and inventor, best known for his contributions to the design of the modern alternating current (AC) electricity supply system including the AC induction motor Nikola Tesla
87%
Currency Serbian dinar
87%
Country name in their national lanuage Srbija
79%
Anthem God of Justice (Bože Pravde)
78%
Eurovision song contest 2007 winner Marija Šerifović
72%
Country broken up 2006 Federal Republic of Yugoslavia(Serbia and Montegro)
70%
Ruled 1459-1817 Ottoman empire
66%
Longest river Great Morava
65%
President Tomislav Nikolić
57%
Serbian film director who twice won the Palme d'Or at Cannes Film Festival Emir Kusturica
50%
Football(soccer) player, two-time Premier League Player of the Season Nemanja Vidić
49%
Name of theater at Novi Sad Serbian National Theater
23%
No matching quizzes found
Score Distribution
Percent of People with Each Score
Percentile by Number Answered
Your Score History
You have not taken this quiz since the last reset